Harry Potter - personnages - n°1 : Harry Potter - Statistiques

Statistiques générales
  • Ce quiz a été pris 161 fois
  • Le résultat moyen est 20 sur 30
Statistiques - réponses
Question Réponse % Correct
Son père James Potter
100%
Sa mère Lily Potter
99%
Son cousin Dudley
98%
Sa femme Ginny Weasley
98%
Son parrain Sirius Black
98%
forme de sa cicatrice Éclair
97%
Famille dans laquelle il a été envoyé après la mort de ses parents Dursley
95%
Sa tante Pétunia
94%
Forme de son patronus Cerf
93%
Sa petite amie avant celle si dessus Cho Chang
91%
Sa chouette Hedwige
89%
Son oncle Vernon
89%
Selon les personnes qui ont connu ses parents, il " ressemble beaucoup à son père " mais de quel partie du corps de sa mère a t-il hérité ? Yeux
88%
Son fils personnage principal de la pièce de théâtre Albus Severus Potter
85%
Acteur le jouant au cinéma Daniel Radcliffe
83%
Langue qu'il peut parler grâce à la partie de l'âme de Voldemort qui l'habite Fourchelangue
79%
Sa maison Gryffondor
74%
Son travail Chef du bureau des aurors
69%
Sa date d'anniversaire 31 juillet
68%
Sa plus grande peur Détraqueur
67%
Organisation créé par lui et d'autres élèves et dont il a été nommé chef Armée de Dumbledore
65%
Son filleul Ted Lupin
55%
Cœur de celle si Plume de Phénix
52%
Bois dans lequel est fait sa baguette Houx
48%
Taille de celle si 27,5 cm
19%
Premier chapitre dans lequel il apparaît Le survivant
17%
Dernier chapitre dans lequel il apparaît Dix-neuf ans plus tard
9%
Numéro de son coffre à Gringotts 667
2%
Sa première réplique Presque
2%
Sa dernière réplique moi C'est ce qui c'est passé pour moi / Je crois que ça va être une belle journée
1%
Aucun quiz correspondant
Distribution des résultats
% des personnes avec chaque résultat
Percentile par nombre de réponses
Votre historique - résultats
Vous n’avez pas pris ce quiz